Catalog

Record Details

Catalog Search



Magic castle readers  Cover Image Book Book

Magic castle readers / by Jane Belk Moncure.

Moncure, Jane Belk. (Author). Child's World (Firm) (Added Author).

Record details

  • Physical Description: 27 v. : col. ill. ; 20 x 24 cm.
  • Publisher: Mankato, MN. : Child's World, c1988.

Content descriptions

General Note:
Supplemental readers for grades K-1.
Subject: Reading (Elementary)
Reading (Elementary)

LDR 02412nam a2200613Ia 4500
001136939
003CONS
00520140703073309.0
008940120s1988 mnua 000 0 eng d
035 . ‡a(CPomAG)LMN565453
1001 . ‡aMoncure, Jane Belk.
24510. ‡aMagic castle readers / ‡cby Jane Belk Moncure.
2463 . ‡aDragon in a wagon
2463 . ‡aButterfly express
2463 . ‡aHere we go 'round the year
2463 . ‡aHow many ways can you cut a pie?
2463 . ‡aMagic moon machine
2463 . ‡aOne tricky monkey up on top
2463 . ‡aWhere is baby bear?
2463 . ‡aApes find shapes
2463 . ‡aHop-skip jump-a-roo zoo
2463 . ‡aNanny Goat's boat
2463 . ‡aBiggest snowball of all
2463 . ‡aIce-Cream cows and mitten sheep
2463 . ‡aLittle too-tall
2463 . ‡aPocketful of pets
2463 . ‡aPolka-dot puppy
2463 . ‡aMr. Doodle had a poodle
2463 . ‡aAway went the farmer's hat
2463 . ‡aWish-for dinosaur
2463 . ‡aColor clown comes to town
2463 . ‡aWhat do you say when a monkey acts this way
2463 . ‡aWhat do you do with a grumpy kangaroo
2463 . ‡aYes, no, little hippo
2463 . ‡a"Smile", says little crocodile
2463 . ‡aRabbits habits
2463 . ‡aMousekin's special day
2463 . ‡aWhat can we play today
2463 . ‡aBears upstairs
260 . ‡aMankato, MN. : ‡bChild's World, ‡cc1988.
300 . ‡a27 v. : ‡bcol. ill. ; ‡c20 x 24 cm.
4901 . ‡aMagic castle readers
500 . ‡aSupplemental readers for grades K-1.
650 0. ‡aReading (Elementary)
650 7. ‡aReading (Elementary) ‡2fast ‡0(OCoLC)fst01090705
7102 . ‡aChild's World (Firm)
8001 . ‡aMoncure, Jane Belk. ‡tMagic castle readers.
914 . ‡aSCP_jd
959 . ‡i32269000939911 ‡lE Mon ‡aJuvenile - Easy ‡tEasy ‡g10.00
852 . ‡p32269000939911 ‡jE Mon ‡jE Mon ‡jE Mon ‡gJuvenile - Easy ‡gJuvenile - Easy ‡gJuvenile - Easy ‡cEasy ‡cEasy ‡cEasy ‡y10.00 ‡y10.00 ‡y10.00 ‡bSBPL
959 . ‡i32269000939952 ‡lE Mon ‡aJuvenile - Easy ‡tEasy ‡g10.00
852 . ‡p32269000939952 ‡jE Mon ‡jE Mon ‡jE Mon ‡gJuvenile - Easy ‡gJuvenile - Easy ‡gJuvenile - Easy ‡cEasy ‡cEasy ‡cEasy ‡y10.00 ‡y10.00 ‡y10.00 ‡bSBPL
959 . ‡i32269000939960 ‡lE Mon ‡aJuvenile - Easy ‡tEasy ‡g10.00
852 . ‡p32269000939960 ‡jE Mon ‡jE Mon ‡jE Mon ‡gJuvenile - Easy ‡gJuvenile - Easy ‡gJuvenile - Easy ‡cEasy ‡cEasy ‡cEasy ‡y10.00 ‡y10.00 ‡y10.00 ‡bSBPL
901 . ‡a136939 ‡bUnknown ‡c136939 ‡tbiblio

Additional Resources